Loading...
| Science - Physics | 0 | 6 | 0 | 1 | 60 | 31 | 75.17 | 2 | 4 | 20.94 | 44.00 |
| Philosophy | 0 | 7 | 2 | 0 | 60 | 56 | 78.43 | 3 | 7 | 27.20 | 62.00 |
| Science - Other | 0 | 7 | 2 | 0 | 60 | 13 | 70.57 | 1 | 6 | 28.64 | 58.00 |
| Religion | 0 | 6 | 1 | 0 | 55 | 44 | 90.33 | 1 | 3 | 15.49 | 39.00 |
| History - World | 0 | 5 | 0 | 1 | 50 | 62 | 89.60 | 0 | 2 | 14.66 | 28.00 |
| History - European | 0 | 5 | 1 | 1 | 45 | 103 | 111.80 | 0 | 2 | 4.54 | 29.00 |
| History - American | 0 | 5 | 1 | 2 | 45 | 51 | 86.40 | 1 | 3 | 14.75 | 34.00 |
| Fine Arts - Visual | 0 | 4 | 0 | 0 | 40 | 92 | 99.50 | 0 | 2 | 8.50 | 23.75 |
| Social Science | 0 | 5 | 3 | 1 | 35 | 46 | 86.60 | 2 | 4 | 13.11 | 36.50 |
| History - Other | 0 | 4 | 2 | 0 | 30 | 42 | 58.75 | 0 | 4 | 21.05 | 34.00 |
| Geography/Current Events | 0 | 3 | 0 | 0 | 30 | 60 | 85.00 | 0 | 1 | 16.12 | 31.67 |
| Fine Arts - Classical Music | 0 | 3 | 1 | 0 | 25 | 57 | 77.33 | 0 | 1 | 12.86 | 19.00 |
| Science - Chemistry | 0 | 2 | 0 | 1 | 20 | 70 | 99.00 | 0 | 1 | 4.52 | 15.00 |
| Literature - European | 0 | 2 | 0 | 0 | 20 | 62 | 82.00 | 1 | 1 | 8.23 | 17.00 |
| Mythology | 0 | 2 | 0 | 0 | 20 | 87 | 89.50 | 0 | 0 | 6.69 | 9.00 |
| Fine Arts - Other | 0 | 2 | 1 | 0 | 15 | 61 | 68.50 | 2 | 2 | 9.93 | 20.00 |
| Science - Biology | 0 | 1 | 0 | 0 | 10 | 94 | 94.00 | 0 | 0 | 2.23 | 6.00 |
| Pop Culture | 0 | 1 | 0 | 0 | 10 | 58 | 58.00 | 1 | 1 | 59.15 | 100.00 |
| Literature - American | 0 | 1 | 0 | 0 | 10 | 88 | 88.00 | 1 | 1 | 3.62 | 10.00 |
| Other Academic | 0 | 1 | 1 | 0 | 5 | 81 | 81.00 | 1 | 1 | 13.03 | 33.33 |